| 000 | 00905nam a2200289Ia 4500 | ||
|---|---|---|---|
| 005 | 20210727153002.0 | ||
| 008 | 121119s2003 ve a gr 000 j spa | ||
| 020 | _a9802571652 | ||
| 041 | 0 | _aspa | |
| 100 | 1 |
_aMachado, Ana María _d1941- |
|
| 245 | 1 | 0 |
_aNiña bonita _cAna María Machado ; ilustraciones, Rosana Faría |
| 250 | _aPrimera edición | ||
| 300 |
_a24 páginas _bilustraciones _c18 cm |
||
| 490 | 0 | _aPonte poronte | |
| 586 | _aPremio hans christian andersen, 2000 | ||
| 650 | 1 | 4 |
_aCuentos brasileños _2LEMB |
| 650 | 1 | 4 |
_aLiteratura infantil _2LEMB |
| 650 | 1 | 4 |
_aRaza negra _vCuentos _2LEMB |
| 700 | 1 |
_aFaria, Rosana _eilustrador |
|
| 942 |
_2loc _cBKINF |
||
| 264 |
_aCaracas _bEdiciones Ekaré _c2003 |
||
| 336 |
_atexto _btxt _2rdacontent |
||
| 337 |
_asin mediación _bn _2rdamedia |
||
| 338 |
_avolumen _bnc _2rdacarrier |
||
| 040 |
_aCO-BoRNBP _bspa _erda _cCO-BoRNBP |
||
| 084 | _aC MAC2 | ||
| 999 |
_c406 _d406 |
||